01306nam a2200289 i 450000100060000000300090000600500170001500700030003200800410003510000270007624501250010325000210022826000350024930000340028449000260031850502480034465000270059265000400061965000460065965000400070570000390074570000310078483000340081585200250084999900170087495201250089178391ES-MaACL20250812024128.0t|041014s1969 sp ||||1| spa d1 aHauser, Arnold.96210910aHistoria social de la literatura y el arte / cArnold Hauser ; [lo tradujeron al español A. Tovar y F.P. Varas-Reyes]. a3ª ed. popular. aMadrid : bGuadarrama, c1969. a3 v. : b48 lám. ; c18 cm.1 aPunto omega ; v19-218 aContiene: I. Prehistoria. Antiguas culturas orientales. Grecia y Roma. Edad Media. Renacimiento (452 p.) - II. Manierismo. Barroco. Rococó. Clasicismo. Romanticismo (420 p.) - III. Naturalismo e impresionismo. Bajo el signo del cine (316 p.) 4aArte-vHistoria910107 4aArte y sociedad-vHistoria.9144275 aLiteratura-xHistoria y crítica.914489 7aLiteratura y sociedad2embne9146791 aTovar, Antonio,d1911-198591111671 aVaras-Reyes, F. P.91131191 aPunto omega ; v19-219180707 aES-MaACLjC-40605-07 c78391d78391 00104070aATENEOMbATENEOMcDEPO2d2008-01-17eSCl0oC-40605-07p1081998r2023-02-23 00:00:00w2023-02-23yMONOGRAFIA